000 00565nam a22001697a 4500
020 _qHard Cover.
082 _a330
100 _aAltaf, Saba
245 _aTrade Costs of Pakistan with Major Trading Partners:
_bMeasurement and Determinants /
_cSaba Altaf.
260 _aIslamabad:
_bS3H - NUST,
_c2015.
300 _a63 p. :
_bill. ;
_c30cm.
650 _aECO MS-Thesis.
_928462
700 _aDr. Zafar Mahmood
_928463
856 _uhttp://10.250.8.41:8080/xmlui/handle/123456789/6836
942 _2ddc
_cTHE
999 _c534317
_d534317